<?xml version="1.0" encoding="UTF-8"?>
<collection xmlns="http://www.loc.gov/MARC21/slim">
  <record>
    <leader>00000nam  2200000   4500</leader>
    <controlfield tag="001">INLIS000000000018477</controlfield>
    <controlfield tag="005">20241119090428</controlfield>
    <datafield tag="035" ind1="#" ind2="#">
      <subfield code="a">0010-1124000143</subfield>
    </datafield>
    <controlfield tag="007">ta</controlfield>
    <controlfield tag="008">241119###########################0######</controlfield>
    <datafield tag="245" ind1="#" ind2="#">
      <subfield code="a">OPEN PUSTAKA :</subfield>
      <subfield code="b">Optimalisasi Pelaksanaan dan Panduan Ujian Komprehensif Universitas TadulakoA /</subfield>
      <subfield code="c">Alimatun Najiha, S.Si., M.Si</subfield>
    </datafield>
    <datafield tag="260" ind1="#" ind2="#">
      <subfield code="a">Makassar :</subfield>
      <subfield code="b">Puslatbang KMP LAN RI,</subfield>
      <subfield code="c">2024</subfield>
    </datafield>
    <datafield tag="300" ind1="#" ind2="#">
      <subfield code="a">49 ;</subfield>
      <subfield code="c">30</subfield>
    </datafield>
    <datafield tag="650" ind1="#" ind2="4">
      <subfield code="a">Mengoptimalkan pelaksanan ujian dan meningkatkan kualitas evaluasi</subfield>
    </datafield>
    <datafield tag="700" ind1=" " ind2="#">
      <subfield code="a">Dr. Lif. Sc. I Nengah Swastika, M.Sc., M.Lif.Sc (Mentor)</subfield>
    </datafield>
    <datafield tag="700" ind1=" " ind2="#">
      <subfield code="a">Asriani Rasyid, S.E., M.Si (Coach)</subfield>
    </datafield>
    <datafield tag="520" ind1="#" ind2="#">
      <subfield code="a">Aktualisasi ini bertujuan untuk mengatasi pelaksanaan ujian komprehensif yang belum optimal di Program Studi Statistika Universitas Tadulako. Permasalahan utama yang dihadapi adalah ketidakteraturan dalam tata laksana ujian yang mengakibatkan variasi dan evaluasi yang tidak konsisten. Gagasan kreatif yang diusulkan untuk menyelesaikan isu ini adalah "OPEN PUSTAKA" yang merupakan singkatan dari Optimalisasi Pelaksanaan dan Panduan Ujian Komprehensif. Pelaksanaan aktualisasi ini dilakukan&#13;
&#13;
melalui beberapa kegiatan, pertama: Pembentukan Tim dan Rapat Koordinasi, kedua: Penyusunan SOP, ketiga: Integrasi Menu Ujian di website Prodi, keempat: Sosialisasi SOP yang telah diintegrasikan ke website, dan yang terakhir adalah Penyusunan Buku Panduan. Penerapan Open Pustaka ini diharapkan mampu mengoptimalkan dan pelaksanaan ujia, meningkatkan kualitas evaluasi, dan memberikan kemudahan akses infromasi terkait ujian. Selain itu, penerapan nilai-nilai BerAKHLAK dalam setiap tahapan kegiatan aktualisasi ini juga memperkuat budaya kerja yang profesional, akuntabel, dan kolaboratif sesuai dengan SMART ASN dan MANAJEMEN ASN.</subfield>
    </datafield>
    <datafield tag="856" ind1="#" ind2="#">
      <subfield code="a">Puslatbang KMP LAN</subfield>
    </datafield>
  </record>
</collection>
